Discurso de metafísica /
Gottfried Wilhelm Leibniz (1646-1716), filósofo y matemático alemán, reconocido por su descubrimiento del cálculo infinitesimal y sus aportes a la filosofía desde la tradición racionalista. En la presente obra expone su concepción sobre tres temas elementales de la metafísica: Dios, el hombre y el m...
Kaydedildi:
| Yazar: | |
|---|---|
| Diğer Yazarlar: | |
| Materyal Türü: | Kitap |
| Dil: | İspanyolca |
| Baskı/Yayın Bilgisi: |
Madrid, España :
Alianza,
2017, c2017
|
| Edisyon: | 3a edición |
| Seri Bilgileri: | (El Libro de Bolsillo ; Filosofía)
48. |
| Konular: | |
| Etiketler: |
Etiket eklenmemiş, İlk siz ekleyin!
|
MARC
| LEADER | 00000nam^a2200000^a^4500 | ||
|---|---|---|---|
| 001 | 000632016 | ||
| 005 | 20260521000000.0 | ||
| 009 | 20260526154615.326 | ||
| 020 | |a 978-84-9104-706-3 | ||
| 037 | |a Acervo Xavier Clavigero | ||
| 041 | |a ESP | ||
| 082 | |a 149. 7 |b LEI | ||
| 100 | |a Leibniz, Gottfried Wilhelm |e (autor) | ||
| 240 | 1 | 1 | |a [Discurso de metafísica] |
| 245 | 1 | 0 | |a Discurso de metafísica / |c G.W. Leibniz ; introd., notas y tr. por J. Marías. |
| 250 | |a 3a edición | ||
| 264 | 4 | |a Madrid, España : |b Alianza, |c 2017, c2017 | |
| 300 | |a 154 p. | ||
| 336 | |a texto |b txt |2 rdacontenido | ||
| 337 | |a sin mediación |b n |2 rdamedio | ||
| 338 | |a volumen |b nc |2 rdasoporte | ||
| 440 | 4 | |a (El Libro de Bolsillo ; |v 48. |p Filosofía) | |
| 500 | |a Traducción de: Discours de métaphysique | ||
| 520 | |a Gottfried Wilhelm Leibniz (1646-1716), filósofo y matemático alemán, reconocido por su descubrimiento del cálculo infinitesimal y sus aportes a la filosofía desde la tradición racionalista. En la presente obra expone su concepción sobre tres temas elementales de la metafísica: Dios, el hombre y el mundo. | ||
| 521 | |a Peticiones 2026 | ||
| 649 | |a XX | ||
| 650 | |a Substancia (Filosofía) | ||
| 650 | |a Dios | ||
| 650 | |a Hombre | ||
| 650 | |a Metafísica - |x Tema Principal | ||
| 650 | |a Racionalismo | ||
| 650 | |a Filosofía Moderna | ||
| 650 | |a Filosofía Alemana | ||
| 700 | |a Marías, Julián |e (introducción, notas y traducción) | ||
| 910 | |a Fondo General | ||
| 920 | |a Impresos - Libros | ||
| 930 | |a Colección General | ||
| 905 | |a 101 | ||
| 901 | |a 632016-10 |b IT1 |c ACC |i C2575 |u 20260521 | ||
| 902 | |a https://opac.biblio.iteso.mx/vufind/Record/000632016 | ||